[Event "Manavgat Turkey Cup"]
[Site "Manavgat"]
[Date "2015.02.04"]
[Round "7"]
[White "Komurcu, Bilal Can"]
[Black "Sarikaya, Ergun"]
[Result "0-1"]
[WhiteElo "1619"]
[BlackElo "1889"]
[PlyCount "138"]
[EventDate "2015.01.31"]
[EventType "swiss"]
[EventRounds "11"]
[EventCountry "TUR"]
[SourceTitle "CBM 164 Extra"]
[Source "ChessBase"]
[SourceDate "2015.03.02"]
[SourceVersion "1"]
[SourceVersionDate "2015.03.02"]
[SourceQuality "1"]

1. e4 c5 2. Nf3 Nc6 3. d4 cxd4 4. Nxd4 Nf6 5. Nc3 g6 6. Be3 Bg7 7. f3 0-0 8. Bc4 a6 9. Bb3 Na5 10. Qd2 Nxb3 11. axb3 d6 12. h4 h5 13. 0-0-0 Qc7 14. Bh6 Rd8 15. Bxg7 Kxg7 16. g4 e5 17. Nde2 Be6 18. gxh5 Nxh5 19. Rhg1 Qe7 20. Ng3 Nxg3 21. Rxg3 Qxh4 22. Rgg1 Qh6 23. Rh1 Qxd2+ 24. Rxd2 Rac8 25. Rhd1 Rc6 26. Kb1 Kf6 27. Nd5+ Bxd5 28. Rxd5 Ke6 29. c4 Rdc8 30. b4 R8c7 31. b3 Rb6 32. Kb2 Rc8 33. c5 dxc5 34. bxc5 Rbc6 35. b4 b6 36. Rd6+ Ke7 37. Rxc6 Rxc6 38. cxb6 Rxb6 39. Kb3 Rd6 40. Rf1 Rd3+ 41. Ka4 f5 42. exf5 gxf5 43. Ka5 Ra3+ 44. Kb6 Ke6 45. Kc5 f4 46. Kc4 Kf5 47. Kd5 Rd3+ 48. Kc4 Re3 49. Ra1 Rxf3 50. Rxa6 Rf1 51. Ra8 Rc1+ 52. Kd3 e4+ 53. Kd2 Rb1 54. Rb8 e3+ 55. Ke2 Rb2+ 56. Kd3 Rd2+ 57. Kc3 Rd6 58. Rf8+ Ke4 59. Re8+ Kf3 60. b5 Kf2 61. Kc4 e2 62. Kc5 Rd1 63. b6 Rb1 64. Kc6 e1Q 65. Rxe1 Kxe1 66. b7 f3 67. Kc7 f2 68. b8Q Rxb8 69. Kxb8 f1Q 0-1

[Event "Manavgat Turkey Cup"]
[Site "Manavgat"]
[Date "2015.02.03"]
[Round "6"]
[White "Kilic, Gokturk Kagan"]
[Black "Komurcu, Bilal Can"]
[Result "0-1"]
[WhiteElo "1482"]
[BlackElo "1619"]
[PlyCount "56"]
[EventDate "2015.01.31"]
[EventType "swiss"]
[EventRounds "11"]
[EventCountry "TUR"]
[SourceTitle "CBM 164 Extra"]
[Source "ChessBase"]
[SourceDate "2015.03.02"]
[SourceVersion "1"]
[SourceVersionDate "2015.03.02"]
[SourceQuality "1"]

1. d4 d5 2. Nf3 Nf6 3. Bf4 e6 4. e3 c5 5. c3 Nc6 6. Nbd2 Bd6 7. Bxd6 Qxd6 8. Bb5 0-0 9. 0-0 Bd7 10. Bxc6 Bxc6 11. Ne5 Nd7 12. Nxd7 Bxd7 13. Qh5 f6 14. Rfe1 e5 15. Rad1 cxd4 16. exd4 e4 17. Re3 f5 18. Rh3 h6 19. c4 f4 20. Rc3 Rf5 21. Qe2 Rg5 22. Kh1 Qg6 23. cxd5 Bg4 24. f3 exf3 25. Nxf3 Rxd5 26. Qd2 Rad8 27. Re1 Bxf3 28. Rxf3 Rxd4 0-1